Information Management for Development Organization (Record no. 1955)

MARC details
000 -LEADER
fixed length control field 00360nam a22001457a 4500
008 - FIXED-LENGTH DATA ELEMENTS--GENERAL INFORMATION
fixed length control field 250217b |||||||| |||| 00| 0 eng d
020 ## - INTERNATIONAL STANDARD BOOK NUMBER
ISBN 085598483X
100 ## - MAIN ENTRY--AUTHOR
Author POWEL, Mike
245 ## - TITLE STATEMENT
Title Information Management for Development Organization
250 ## - EDITION STATEMENT
Edition statement 2nd
260 ## - PUBLICATION, DISTRIBUTION, ETC. (IMPRINT)
Place of publication U.K
Name of publisher Oxford G.B
Date of publication 2003
300 ## - COLLATION
Pagination X, 294P.
942 ## - ADDED ENTRY ELEMENTS (KOHA)
Item type Books
050 ## - LIBRARY OF CONGRESS CALL NUMBER
Classification number HD30.2
Item number .P69
Holdings
Source of classification or shelving scheme Not for loan Permanent location Current location Date acquired Accession No. Full call number Barcode. Koha item type
Library of Congress Classification   Samuel Ogbemudia Main Library, University of Abuja Samuel Ogbemudia Main Library, University of Abuja 02/17/2025 2017/480691 HD30.2.P69 2025-0089 Books